000 00590nam a2200193Ia 4500
008 240729s9999 xx 000 0 und d
022 _a2577-7408
245 0 _aComputational and Mathematical Methods
260 _aUnited Kingdom
260 _bHindawi-Wiley
650 _a Applied mathematics. Quantitative methods
650 _a Industrial engineering. Management engineering
650 _a Mathematics | Technology
650 _a Technology (General)
650 _aScience
856 _uhttps://doaj.org/toc/1596bd8c5da34be0b4f16bd1ef05733c
942 _2ddc
942 _cDOAJEJ
999 _c71970
_d71970
945 _a1
_bMadushi Gamage
_c1
_dMadushi Gamage